000 00569nam a22002171a 4500
001 5133
003 OSt
005 20260204212002.0
008 051110s1981||||ag ||||||b||||||||||spa||
020 _a0827012985
050 _a512 H43e
100 _aHernán O., Horacio
245 _aEstructura algebraíca III (Grupo finito) / Horacio Hernán O.
250 _a2
264 _aArgentina : Editora Eva
300 _a138 p
490 _aSerie matemática: Monografía No. 14
500 _aIncluye indice y bibliografía.
650 _a1.AlgebraÌ
942 _2ddc
_cBK
999 _c5133
_d5133